|
|
|
|
| LEADER |
00000nab a2200000 a 4500 |
| 001 |
vtls011111029 |
| 003 |
SK-MaSNL |
| 005 |
20260303150431.0 |
| 008 |
230222|2008 xo |||||||||||||||||eng| |
| 015 |
|
|
|a SNBRB
|
| 035 |
|
|
|a (uuid)576da99c-513e-4247-8bd0-0b22bb66711f
|
| 035 |
|
|
|a (urnnbn)urn:nbn:sk:snk:ar-a08f2u
|
| 035 |
|
|
|a urn:nbn:sk:snk-ab9hpy
|
| 040 |
|
|
|a SNKBUCL
|b slo
|c SNKBUCL
|e AACR2
|
| 041 |
0 |
|
|a eng
|
| 044 |
|
|
|a xo
|c SK
|
| 100 |
1 |
|
|a Moravčík, Oliver,
|d 1952-
|4 aut
|9 212443
|
| 245 |
1 |
0 |
|a GENERATION OF USER PROGRAMS FOR A SPECIALIZED TECHNOLOGICAL WORKPLACE
|c Oliver Moravčík, Pavol Božek, Oto Barborák, Ľubomír Naščák, Vladimír Štollmann
|
| 246 |
3 |
|
|a GENEROVANIE UŽÍVATEĽSKÝCH PROGRAMOV PRE ŠPECIALIZOVANÉ TECHNOLOGICKÉHO PRACOVISKA
|
| 700 |
1 |
|
|a Božek, Pavol,
|d 1954-
|4 aut
|9 212119
|
| 700 |
1 |
|
|a Barborák, Oto
|4 aut
|9 41883
|
| 700 |
1 |
|
|a Naščák, Ľubomír,
|d 1952-
|4 aut
|9 204173
|
| 700 |
1 |
|
|a Štollmann, Vladimír,
|d 1956-
|4 aut
|9 193412
|
| 773 |
0 |
|
|t Vedecké práce Materiálovotechnologickej fakulty Slovenskej technickej univerzity v Bratislave so sídlom v Trnave
|g Č. 25 (2008), s. 101-107
|
| 958 |
|
|
|a OND
|
| 958 |
|
|
|a EUIPO
|
| 958 |
|
|
|a article13
|
| 999 |
|
|
|c 2010590
|d 2012520
|